000 00813cam a22001935a 4500
001 L156079
008 120430s1842 xxk f 000 0 eng d
035 _a(Sirsi) u156079
041 0 _aeng
100 1 _aRobins, George Henry
_d1778-1847
245 0 2 _aA catalogue of the classic contents of Strawberry Hill collected by Horace Walpole
260 _a[London
_bThe auctioneer
_c1842]
300 _axxiv, 250 p.
_bfront. (port.) ill.
_c28 x 28 cm.
520 _aA second t.p. reads: "Strawberry Hill, the renowned seat of Horace Walpole. Mr. George Robins is honoured by having been selected ... to sell by public competition the valuable contents of Strawberry Hill ...".
583 _aCondition reviewed
_c20120620
_lcondition level 4 (x5)
651 4 _aEngland
690 _aAuctioneering
_96218
942 _n0
999 _c114015
_d114015